Feliz Navidad en las lenguas del mundo - Estadísticas

Estadísticas generales
  • Esta prueba ha sido intentada 86 veces
  • La puntuación promedio es 12 de 20
Estadísticas de respuestas
Hint Respuesta % Correcto
Español feliz Navidad
95%
Inglés Merry Christmas
95%
Italiano Buon Natale
88%
Coreano 즐거운 성탄절
86%
Hindi क्रिसमस की बधाई
86%
Francés Joyeux Noël
86%
Portugués Feliz Natal
82%
Griego Καλά Χριστούγεννα
81%
Chino 圣诞节快乐(
79%
Ruso Счастливого Рождества
77%
Alemán Frohe Weihnachten
68%
Japonés メリークリスマス
65%
Rumano Crăciun fericit
44%
Neerlandés Vrolijk Kerstfeest
37%
Letón Priecīgus Ziemassvētkus
35%
Danés glædelig jul
30%
Afrikáans Geseënde kersfees
26%
Turco Mutlu Noeller
25%
Checo Veselé Vánoce
21%
Noruego god jul
16%
No se encontraron pruebas coincidentes
Distribución de puntuación
Porcentaje de gente con cada puntuación
Porcentaje por número respondido
Historial de tus puntuaciones
No has intentado esta prueba.